| Tag |
First Indicator |
Second Indicator |
Subfields |
| LEADER |
00000cam a2200000 4500 |
| 001 |
in00000221221 |
| 005 |
20151009071819.0 |
| 008 |
740424c19601942nyua 00010 eng d |
| 035 |
|
|
|a (OCoLC)00865293
|
| 035 |
|
|
|9 AAY8206AM
|
| 040 |
|
|
|c OTC
|d TXA
|d UtOrBLW
|
| 049 |
|
|
|a TXAM
|c [715001]
|
| 090 |
|
|
|a GV1451
|b .M35 1960
|
| 100 |
1 |
|
|a Marshall, Frank James,
|d 1877-1944.
|
| 245 |
1 |
0 |
|a Marshall's best games of chess /
|c by Frank J. Marshall.
|
| 264 |
|
1 |
|a New York :
|b Dover,
|c [1960]
|
| 264 |
|
4 |
|c [©1942]
|
| 300 |
|
|
|a [viii] 242 pages :
|b illustrations ;
|c 22 cm.
|
| 336 |
|
|
|a text
|b txt
|2 rdacontent
|
| 337 |
|
|
|a unmediated
|b n
|2 rdamedia
|
| 338 |
|
|
|a volume
|b nc
|2 rdacarrier
|
| 500 |
|
|
|a "Unabridged and unaltered republication of the work originally published in 1942 ... under the title My fifty years of chess."
|
| 650 |
|
0 |
|a Chess.
|
| 740 |
0 |
|
|a Best games of chess.
|
| 740 |
0 |
|
|a My fifty years of chess.
|
| 999 |
|
|
|a MARS
|
| 999 |
f |
f |
|s dcb85164-16e3-340c-a7c4-53180fe4e101
|i bb17785c-79a9-3a70-80ea-8236fa70e9a5
|t 0
|
| 952 |
f |
f |
|p ric
|a Texas A&M University
|b Rellis Campus
|c Joint Library Facility
|d Remote Storage
|t 0
|e GV1451 .M35 1960
|h Library of Congress classification
|i unmediated -- volume
|m A14802490282
|
| 998 |
f |
f |
|a GV1451 .M35 1960
|t 0
|l Remote Storage
|